| 000 -LEADER |
| fixed length control field |
00722nam a2200181 4500 |
| 005 - DATE AND TIME OF LATEST TRANSACTION |
| control field |
20190510184252.0 |
| 008 - FIXED-LENGTH DATA ELEMENTS--GENERAL INFORMATION |
| fixed length control field |
190510c2018 ру ||||| |||| 00| 0 рус d |
| 022 ## - INTERNATIONAL STANDARD SERIAL NUMBER |
| International Standard Serial Number |
2220-6051 |
| 041 ## - LANGUAGE CODE |
| Language code of text/sound track or separate title |
рус |
| 245 ## - TITLE STATEMENT |
| Title |
Социальная педагогика : |
| Remainder of title |
2018 N2-3. Научно-практический журнал для социальных паботников и педагогов / |
| Statement of responsibility, etc. |
Ред.: Демакова И. Д. |
| 260 ## - PUBLICATION, DISTRIBUTION, ETC. |
| Place of publication, distribution, etc. |
Москва, |
| Date of publication, distribution, etc. |
2018. |
| 300 ## - PHYSICAL DESCRIPTION |
| Extent |
V. |
| 653 ## - INDEX TERM--UNCONTROLLED |
| Uncontrolled term |
პედაგოგიკა |
| 653 ## - INDEX TERM--UNCONTROLLED |
| Uncontrolled term |
Социальная педагогика N2-3 2018. |
| 653 ## - INDEX TERM--UNCONTROLLED |
| Uncontrolled term |
периодика |
| 700 ## - ADDED ENTRY--PERSONAL NAME |
| Personal name |
Демакова И. Д. |
| Relator term |
Редактор |
| 9 (RLIN) |
1000 |
| 942 ## - ADDED ENTRY ELEMENTS (KOHA) |
| Source of classification or shelving scheme |
|
| Koha item type |
პერიოდიკა |